Score 0/20 Timer 05:00
4 Plays Today
% Correct
Correct! That's Neil Peart on the right.
98%
Correct! That's Steve Jobs on the right.
97.2%
Correct! That's John Mayer on the left.
97.2%
Correct! That's Gollum on the right.
97.2%
Correct! That's Steve Carell on the right.
97.1%
Correct! That's Miley Cyrus on the left.
96.3%
Correct! That's Chad Smith on the right.
96.2%
Correct! That's Audrey Hepburn on the left
95%
Correct! That's Thomas Paine on the right.
92.9%
Correct! That's Weird Al on the right.
91.4%
% Correct
Correct! That's Johnny Knoxville on the left.
90.9%
Correct! That's Keira Knightley on the right.
90.2%
Correct! That's Jared Leto on the right.
89.7%
Correct! That's Helena Bonham Carter on the left.
88.6%
Correct! That's Keira Knightley on the left.
87.7%
Correct! That's George Romero on the left.
87.5%
Correct! That's Ricky Gervais on the left.
86.7%
Correct! That's Jennifer Connelly on the right.
86.4%
Correct! That's a young Vladimir Putin on the left.
82%
Correct! That's Vinny 'The Chin' Gigante on the left.
79.2%
Remove Ads.
Support Sporcle.
Get the best of Sporcle when you Go Orange. This ad-free experience offers more features, more stats, and more fun while also helping to support Sporcle. Thank you for becoming a member.

You're not logged in!

Compare scores with friends on all Sporcle quizzes.
OR
Log In

Show Comments

Extras

Top Quizzes Today


Score Distribution

Your Account Isn't Verified!

In order to create a playlist on Sporcle, you need to verify the email address you used during registration. Go to your Sporcle Settings to finish the process.

Report this User

Report this user for behavior that violates our Community Guidelines.

Details: